Letters on poetry literature and art / (Record no. 133083)

MARC details
000 -LEADER
fixed length control field 00609nam a22002177a 4500
005 - DATE AND TIME OF LATEST TRANSACTION
control field 20170124110203.0
010 ## - LIBRARY OF CONGRESS CONTROL NUMBER
LC control number A-723388
020 ## - INTERNATIONAL STANDARD BOOK NUMBER
International Standard Book Number 8170580986
Terms of availability 00.00
035 ## - SYSTEM CONTROL NUMBER
System control number B-164129
037 ## - SOURCE OF ACQUISITION
Source of stock number/acquisition Cen Lib/Ret
040 ## - CATALOGING SOURCE
Original cataloging agency DPL
Language of cataloging EN
082 ## - DEWEY DECIMAL CLASSIFICATION NUMBER
Classification number 181.499
Item number AUR
100 ## - MAIN ENTRY--PERSONAL NAME
Personal name Aurobindo, Sri
9 (RLIN) 12069
245 ## - TITLE STATEMENT
Title Letters on poetry literature and art /
Statement of responsibility, etc by Sri Aurobindo
260 ## - PUBLICATION, DISTRIBUTION, ETC. (IMPRINT)
Place of publication, distribution, etc Pondicherry
Name of publisher, distributor, etc Sri Aurobindo ashram
Date of publication, distribution, etc 1972
270 ## - ADDRESS
City Pondicherry
300 ## - PHYSICAL DESCRIPTION
Extent 271p.
Dimensions 21cm(Hb)
650 ## - SUBJECT ADDED ENTRY--TOPICAL TERM
Topical term or geographic name as entry element Philosophy
9 (RLIN) 36755
650 ## - SUBJECT ADDED ENTRY--TOPICAL TERM
Topical term or geographic name as entry element Biography
9 (RLIN) 7490
942 ## - ADDED ENTRY ELEMENTS (KOHA)
Source of classification or shelving scheme Dewey Decimal Classification
Koha item type English Books
Classification part 005.499
Call number suffix AUR
Holdings
Withdrawn status Lost status Damaged status Not for loan Home library Current library Date acquired Source of acquisition Cost, normal purchase price Total Checkouts Full call number Barcode Date last seen Copy number Cost, replacement price Price effective from Koha item type Public note
Written off       Central Library Central Library 24/07/2015 Cen Lib/Ret 0.00   181.499 AUR A-723388 24/07/2015 1 0.00 24/07/2015 English Books Written off on approval by DLB (By Circulation); dtd 15-06-2023

© Delhi Public Library
Hit Counter
free hit counter